000 00595pam a2200229 i 4500
001 2299492
005 20180312084859.0
008 801023s1981 ilua 001 0 eng
010 _a 80026251
020 _z0226971548 (pbk.)
020 _a0226791521
020 _a0226791548 (pbk.)
040 _aDLC
_cDLC
_dDLC
041 _aeng
080 _a701.1
082 0 0 _a701.1 TAY
_219
100 1 _a45
101 _aART
245 1 0 _aLearning to look :
_cby Joshua C. Taylor.
906 _a7
_bcbc
_corignew
_du
_eocip
_f19
_gy-gencatlg
942 _2ddc
_cBK
999 _c44752
_d44752